|
|
|
|
| LEADER |
00000ny a22000003n 4500 |
| 005 |
20110616120353.0 |
| 008 |
040810s2008 ck b 000 0 spa |
| 020 |
|
|
|a 9789586485418
|
| 035 |
|
|
|a 3391
|
| 040 |
|
|
|a BUS
|d vLex
|
| 090 |
|
|
|c 761
|d 761
|
| 100 |
1 |
|
|a Aguilar Zuluaga, Ignacio.
|
| 245 |
1 |
3 |
|a Principios de desarrollo econm̤ico
|h [Recurso electrn̤ico]
|c Ignacio Aguilar Zuluaga
|
| 256 |
|
|
|a Servicio en ln̕ea
|
| 260 |
|
|
|a Bogot ̀:
|b ECOE,
|c 2008
|
| 300 |
|
|
|a p. ;
|c cm
|
| 506 |
1 |
|
|a Contenido solo disponible en los productos indicados
|d vLex Global
|d vLex Global (Academic Edition, excluding Law Schools)
|d vLex Global (U.S. Academic Edition, Law Schools)
|d vLex Global (U.S. Academic Edition, excluding Law Schools)
|d vLex Global (Academic Edition, Law Schools)
|
| 650 |
0 |
4 |
|a Desarrollo econm̤ico
|
| 740 |
0 |
|
|a vLex Libros (Servicios en ln̕ea)
|
| 856 |
4 |
0 |
|u http://vlex.com/source/3391
|z Acceso restringido
|
| 942 |
|
|
|c BOOK
|
| 999 |
0 |
|
|a Economic development
|b Bogot̀
|